000 00695nam a2200289Ia 4500
005 20260324133205.0
008 008 260324s9999 xx 000 0 eng d
020 _a9780429473517
037 _aEBOOK
040 _aCRL
040 _beng
040 _cCRL
041 _2eng
041 _aeng
084 _qCRL
100 _aRonald Doctor
_91179126
245 0 _aDangerous Patients
245 2 _bA Psychodynamic Approach to Risk Assessment and Management
260 _bTaylor and Francis
260 _c2003
365 _a
365 _b195
856 _uhttp://www.taylorfrancis.com/books/9780429473517
942 _cEBOOK
999 _c1790971
_d1790971